[Event "IX Floripa Chess Open Fort Atacadista"]
[Site "Florianópolis - Santa Catari"]
[Date "2023.01.27"]
[Round "7.19"]
[White "Pereyra, Juan"]
[Black "Camara, Terbio Jose"]
[Result "1-0"]
[WhiteElo "2286"]
[BlackElo "2055"]
[PlyCount "117"]
[EventDate "2023.01.23"]
[EventRounds "10"]
[EventCountry "BRA"]

1. d4 Nf6 2. c4 g6 3. Nc3 Bg7 4. e4 d6 5. Be2 O-O 6. Nf3 e5 7. Be3 Nc6 8. d5
Ne7 9. Nd2 Ne8 10. c5 f5 11. f3 Nf6 12. Nc4 fxe4 13. fxe4 b5 14. cxb6 cxb6 15.
a4 Ba6 16. O-O Rc8 17. b3 Qd7 18. h3 h6 19. Kh2 g5 20. Rc1 Bxc4 21. bxc4 Ng6
22. g3 Kh7 23. Qd3 Qe7 24. Rf5 Nd7 25. Bg4 Nf6 26. Be2 Nd7 27. Rcf1 Rf6 28. Bg4
Rcf8 29. Rxf6 Bxf6 30. Bf5 Kg7 31. Nb5 Nc5 32. Bxc5 bxc5 33. Bxg6 Kxg6 34. Nc3
Rb8 35. Qf3 Rb2+ 36. Kh1 Rb3 37. Qf5+ Kg7 38. Rf3 a6 39. Qc8 Rb7 40. Nd1 Qd7
41. Qxd7+ Rxd7 42. Rb3 Bd8 43. Ne3 h5 44. Kg2 Kg6 45. Kf3 Kf6 46. Nf5 Kf7 47.
Rb8 Ke8 48. Ke2 Kf7 49. Kd3 Ke8 50. Kc2 Kf7 51. Kb3 a5 52. Kc3 Ke8 53. Rc8 Kf7
54. Rc6 Bc7 55. Ra6 Ke8 56. Ra7 g4 57. hxg4 hxg4 58. Kd3 Rh7 59. Nxd6+ 1-0

[Event "IX Floripa Chess Open Fort Atacadista"]
[Site "Florianópolis - Santa Catari"]
[Date "2023.01.27"]
[Round "7.20"]
[White "Ribeiro, Matheus Mendes Domi"]
[Black "Tomiello, Mateus Costamilan"]
[Result "1-0"]
[WhiteElo "2250"]
[BlackElo "2051"]
[PlyCount "91"]
[EventDate "2023.01.23"]
[EventRounds "10"]
[EventCountry "BRA"]

1. c4 Nf6 2. g3 g6 3. Bg2 Bg7 4. Nc3 O-O 5. e4 c5 6. Nge2 Nc6 7. d3 d6 8. O-O
Bd7 9. h3 Rb8 10. Be3 a6 11. d4 cxd4 12. Nxd4 Nxd4 13. Bxd4 Qc7 14. Qe2 e5 15.
Be3 Rbc8 16. b3 b5 17. Nd5 Nxd5 18. cxd5 f5 19. Rfc1 Qa5 20. Qd2 b4 21. Bg5 Qb6
22. Rxc8 Rxc8 23. Rc1 fxe4 24. Rxc8+ Bxc8 25. Qc2 Bd7 26. Qxe4 Qc5 27. Be3 Qc3
28. Qh4 Bf8 29. Qd8 Qc8 30. Qxc8 Bxc8 31. g4 Be7 32. Bb6 h5 33. Bf3 e4 34. Bxe4
hxg4 35. hxg4 Bxg4 36. Ba5 Kf7 37. Bxb4 Kf6 38. Bc3+ Kg5 39. Kg2 Kf4 40. f3 Bf5
41. Bxf5 Kxf5 42. Bd4 Bf6 43. Bxf6 Kxf6 44. f4 g5 45. Kf3 a5 46. fxg5+ 1-0

[Event "IX Floripa Chess Open Fort Atacadista"]
[Site "Florianópolis - Santa Catari"]
[Date "2023.01.27"]
[Round "7.21"]
[White "Lage, Pedro Ferreira"]
[Black "Gattass, Allan"]
[Result "1-0"]
[WhiteElo "2055"]
[BlackElo "2246"]
[PlyCount "43"]
[EventDate "2023.01.23"]
[EventRounds "10"]
[EventCountry "BRA"]

1. Nf3 d5 2. g3 c5 3. Bg2 Nc6 4. d4 e6 5. O-O Nf6 6. c4 dxc4 7. Qa4 Bd7 8. Qxc4
cxd4 9. Nxd4 Rc8 10. Nc3 Nxd4 11. Qxd4 Bc5 12. Qh4 Bc6 13. Rd1 Qb6 14. Bxc6+
Qxc6 15. Bh6 Bf8 16. Rac1 Rd8 17. Rxd8+ Kxd8 18. Qd4+ Qd7 19. Qxa7 gxh6 20. Rd1
Nd5 21. Nxd5 exd5 22. Qb8+ 1-0

[Event "IX Floripa Chess Open Fort Atacadista"]
[Site "Florianópolis - Santa Catari"]
[Date "2023.01.27"]
[Round "7.22"]
[White "Terao, Juliana Sayumi"]
[Black "Almeida Junior, Alvaro Alves De"]
[Result "1-0"]
[WhiteElo "2243"]
[BlackElo "2045"]
[PlyCount "69"]
[EventDate "2023.01.23"]
[EventRounds "10"]
[EventCountry "BRA"]

1. e4 c5 2. Nf3 d6 3. d4 cxd4 4. Nxd4 Nf6 5. Nc3 a6 6. Be2 b5 7. a3 Bb7 8. f3
e6 9. Be3 Be7 10. O-O O-O 11. Qe1 Nbd7 12. a4 b4 13. Na2 d5 14. Nxb4 dxe4 15.
Nbc6 Qe8 16. fxe4 Nxe4 17. Nxe7+ Qxe7 18. Nb3 Rac8 19. Na5 Ba8 20. c4 Ne5 21.
b4 Rfd8 22. Ra3 Rb8 23. c5 Qc7 24. Bxa6 Ng4 25. Bf4 e5 26. Bc1 Nxc5 27. bxc5
Qxc5+ 28. Kh1 Rb1 29. h3 Rxc1 30. Qxc1 Qxa5 31. Bc4 Nf6 32. Rxf6 gxf6 33. Rg3+
Kf8 34. Qh6+ Ke8 35. Bb5+ 1-0

[Event "IX Floripa Chess Open Fort Atacadista"]
[Site "Florianópolis - Santa Catari"]
[Date "2023.01.27"]
[Round "7.23"]
[White "Gauche, Charles"]
[Black "Lima, Stefan Moisei Vieir"]
[Result "1-0"]
[WhiteElo "2211"]
[BlackElo "1991"]
[PlyCount "49"]
[EventDate "2023.01.23"]
[EventRounds "10"]
[EventCountry "BRA"]

1. e4 c5 2. Nf3 g6 3. h4 Bg7 4. h5 Nc6 5. Bc4 e6 6. Nc3 Nge7 7. Qe2 a6 8. a4
Rb8 9. h6 Bd4 10. d3 f6 11. Bf4 Ne5 12. Nxe5 fxe5 13. Bg5 Bxc3+ 14. bxc3 O-O
15. O-O b5 16. axb5 axb5 17. Bb3 Kh8 18. Ra7 Bb7 19. Qe3 d6 20. Bxe6 Qb6 21.
Rfa1 Nc6 22. R7a2 Qc7 23. Bd5 b4 24. Qh3 Bc8 25. Qh4 1-0

[Event "IX Floripa Chess Open Fort Atacadista"]
[Site "Florianópolis - Santa Catari"]
[Date "2023.01.27"]
[Round "7.24"]
[White "Souza Dos Santos, Matheus Garcett"]
[Black "Do Valle Cardoso, Lucas"]
[Result "0-1"]
[WhiteElo "2041"]
[BlackElo "2206"]
[PlyCount "68"]
[EventDate "2023.01.23"]
[EventRounds "10"]
[EventCountry "BRA"]

1. e4 c5 2. Nf3 d6 3. d4 cxd4 4. Nxd4 Nf6 5. Nc3 a6 6. Bg5 e6 7. f4 Be7 8. Qf3
Qc7 9. O-O-O Nbd7 10. g4 b5 11. Bxf6 Nxf6 12. g5 Nd7 13. f5 O-O 14. g6 hxg6 15.
fxe6 fxe6 16. Nxe6 Rxf3 17. Nxc7 Ra7 18. N7d5 Bd8 19. Be2 Rf8 20. Nb4 Ne5 21.
Rxd6 Be7 22. Rd5 Bxb4 23. Rxe5 Bd6 24. Rd5 Bf4+ 25. Kb1 Be6 26. Rdd1 Be5 27.
Nd5 Rf2 28. Bd3 Bxh2 29. Rdf1 Rxf1+ 30. Rxf1 g5 31. c4 g4 32. cxb5 axb5 33.
Bxb5 Bxd5 34. exd5 g3 0-1

[Event "IX Floripa Chess Open Fort Atacadista"]
[Site "Florianópolis - Santa Catari"]
[Date "2023.01.27"]
[Round "7.25"]
[White "Silva, Guilherme Henrique "]
[Black "Guimaraes, Wagner Peixoto"]
[Result "1-0"]
[WhiteElo "2034"]
[BlackElo "2199"]
[PlyCount "90"]
[EventDate "2023.01.23"]
[EventRounds "10"]
[EventCountry "BRA"]

1. e4 c5 2. Nf3 d6 3. Bb5+ Nd7 4. d4 cxd4 5. Qxd4 e5 6. Qd3 h6 7. O-O Ngf6 8.
c4 Be7 9. Nc3 a6 10. Bxd7+ Bxd7 11. b3 O-O 12. a4 Bc6 13. Ba3 Qc7 14. Rfe1 Rfd8
15. Nd2 Bf8 16. Nf1 Qb6 17. Qc2 Bd7 18. Ne3 Be6 19. Rad1 Rac8 20. Ned5 Bxd5 21.
Nxd5 Nxd5 22. Rxd5 Qc6 23. Qd3 Be7 24. Rd1 b6 25. f3 Kh7 26. Kh1 Rd7 27. f4
exf4 28. e5+ g6 29. exd6 Bf8 30. Bb2 Re8 31. Qd4 f6 32. Qxf4 Re6 33. Ba3 Qc8
34. Qf2 Qe8 35. Qxb6 Re2 36. Qg1 g5 37. c5 Rc2 38. R5d2 Rxd2 39. Rxd2 Qg6 40.
Qd1 h5 41. Qf3 Qe8 42. c6 Rf7 43. d7 Qd8 44. Bxf8 Rxf8 45. Qc3 Qa5 1-0

[Event "IX Floripa Chess Open Fort Atacadista"]
[Site "Florianópolis - Santa Catari"]
[Date "2023.01.27"]
[Round "7.27"]
[White "Zampronha, Wladimir Camilo"]
[Black "Andrade, Guilherme A. De Sou"]
[Result "1-0"]
[WhiteElo "2164"]
[BlackElo "1913"]
[PlyCount "91"]
[EventDate "2023.01.23"]
[EventRounds "10"]
[EventCountry "BRA"]

1. e4 c5 2. Nf3 e6 3. d4 cxd4 4. Nxd4 a6 5. Bd3 Nf6 6. Nc3 Qc7 7. O-O Nc6 8.
Be3 Bd6 9. Nxc6 dxc6 10. f4 e5 11. f5 Qe7 12. Qf3 Bc5 13. Nd1 b5 14. g4 h6 15.
Nf2 Bb7 16. a4 Rd8 17. Rfd1 Nd7 18. Bf1 Bxe3 19. Qxe3 Qc5 20. Qxc5 Nxc5 21.
axb5 cxb5 22. b4 Na4 23. Rxd8+ Kxd8 24. c4 Bc6 25. Nd3 Re8 26. Nc5 Nxc5 27.
bxc5 bxc4 28. Bxc4 Bxe4 29. Bxf7 Re7 30. Bc4 Bf3 31. h3 Rc7 32. Ra5 Bb7 33. Kf2
Ke7 34. Ke3 Kf6 35. Bxa6 Bg2 36. h4 h5 37. Be2 Bh3 38. Ra6+ Kf7 39. g5 Bxf5 40.
Bxh5+ g6 41. Be2 Rxc5 42. h5 Rc3+ 43. Kd2 Rc2+ 44. Kd1 Rxe2 45. Rf6+ Kg7 46.
h6+ 1-0

[Event "IX Floripa Chess Open Fort Atacadista"]
[Site "Florianópolis - Santa Catari"]
[Date "2023.01.27"]
[Round "7.28"]
[White "Cordero, Daniela"]
[Black "Pereira, Silvio Cunha"]
[Result "1-0"]
[WhiteElo "2027"]
[BlackElo "2159"]
[PlyCount "111"]
[EventDate "2023.01.23"]
[EventRounds "10"]
[EventCountry "BRA"]

1. d4 f5 2. Nf3 d6 3. c4 g6 4. b4 Bg7 5. e3 Nh6 6. Bb2 O-O 7. Qb3 Nf7 8. d5 e5
9. dxe6 Bxe6 10. Bxg7 Kxg7 11. Nc3 a5 12. bxa5 Nc6 13. Nd4 Bd7 14. Be2 Nxa5 15.
Qb2 Ne5 16. Nd5 Kg8 17. Rc1 c5 18. Nb5 Ra6 19. Nxd6 Rxd6 20. Qxe5 Be6 21. O-O
Bxd5 22. cxd5 Re8 23. Qc3 Rxd5 24. Bf3 Rde5 25. Rfd1 Qc7 26. Bd5+ Rxd5 27. Rxd5
b6 28. Rcd1 Qf7 29. Rd7 Qf8 30. Qd3 Qf6 31. Qa6 f4 32. R7d6 Qc3 33. Qb5 Re7 34.
Rd8+ Kf7 35. R8d3 Qb4 36. Qa6 c4 37. Rd4 fxe3 38. Rf4+ Kg7 39. fxe3 Qc5 40.
Rfd4 Rxe3 41. Qa7+ Re7 42. Qxe7+ Qxe7 43. Rd7 Kf7 44. Kf2 Nc6 45. Rxe7+ Kxe7
46. Rb1 Kd6 47. Rxb6 Kc5 48. Rb7 h5 49. Ke3 Nb4 50. Rc7+ Kb5 51. a4+ Kb6 52.
Rxc4 Nd5+ 53. Ke4 Ne7 54. Ke5 Nf5 55. Kf6 Ne3 56. Re4 1-0

[Event "IX Floripa Chess Open Fort Atacadista"]
[Site "Florianópolis - Santa Catari"]
[Date "2023.01.27"]
[Round "7.29"]
[White "Ramirez, Maria Eugenia"]
[Black "Carvalho, Guillermo"]
[Result "1/2-1/2"]
[WhiteElo "2007"]
[BlackElo "2154"]
[PlyCount "34"]
[EventDate "2023.01.23"]
[EventRounds "10"]
[EventCountry "BRA"]

1. e4 e5 2. Nf3 Nc6 3. Nc3 Nf6 4. Bb5 Nd4 5. Bc4 Bc5 6. d3 d6 7. h3 h6 8. Be3
c6 9. a4 O-O 10. Ba2 Be6 11. O-O Bxa2 12. Rxa2 Nxf3+ 13. Qxf3 Bxe3 14. Qxe3 Re8
15. Ne2 Qb6 16. Nc3 Qxe3 17. fxe3 d5 1/2-1/2

[Event "IX Floripa Chess Open Fort Atacadista"]
[Site "Florianópolis - Santa Catari"]
[Date "2023.01.27"]
[Round "7.30"]
[White "Heinechen, Juan"]
[Black "Da Silva, Lucas Pereira Mende"]
[Result "1-0"]
[WhiteElo "2146"]
[BlackElo "1838"]
[PlyCount "93"]
[EventDate "2023.01.23"]
[EventRounds "10"]
[EventCountry "BRA"]

1. e4 c5 2. Nf3 d6 3. d4 cxd4 4. Nxd4 Nf6 5. Nc3 a6 6. h3 e5 7. Nb3 Be6 8. f4
Be7 9. Qf3 b5 10. f5 Bc8 11. Be3 Bb7 12. O-O-O Nbd7 13. g4 h6 14. Bd3 b4 15.
Nd5 Nxd5 16. exd5 Nf6 17. Be4 a5 18. Nd2 Rc8 19. Kb1 Qc7 20. Rc1 Qb8 21. Rhd1
Qa8 22. Nf1 Rc4 23. Ng3 Kf8 24. Qe2 Rxe4 25. Nxe4 Nxe4 26. Qb5 Nf6 27. c4 bxc3
28. Rxc3 Nxd5 29. Rxd5 Bxd5 30. Qd7 Bb7 31. Rc7 Qd8 32. Qxd8+ Bxd8 33. Rxb7 Ke8
34. Kc2 g6 35. Kd3 gxf5 36. gxf5 Rg8 37. Ke4 Rg3 38. Bxh6 Rxh3 39. Bd2 Rh4+ 40.
Kf3 d5 41. Rb8 Rh8 42. Bxa5 Kd7 43. Bxd8 Rxd8 44. Rb7+ Ke8 45. a4 f6 46. a5 Rd7
47. a6 1-0

[Event "IX Floripa Chess Open Fort Atacadista"]
[Site "Florianópolis - Santa Catari"]
[Date "2023.01.27"]
[Round "7.32"]
[White "Benitez, Andres"]
[Black "Burgos, Marcelo Alves"]
[Result "1/2-1/2"]
[WhiteElo "1980"]
[BlackElo "2143"]
[PlyCount "114"]
[EventDate "2023.01.23"]
[EventRounds "10"]
[EventCountry "BRA"]

1. e4 c5 2. Nf3 d6 3. d4 cxd4 4. Nxd4 Nf6 5. Nc3 a6 6. Be2 e5 7. Nb3 Be7 8. Be3
Be6 9. Nd5 Nbd7 10. Qd3 O-O 11. O-O Bxd5 12. exd5 Rc8 13. c4 Ne8 14. Qd2 b6 15.
a4 a5 16. f4 exf4 17. Bxf4 Ne5 18. Nd4 Bf6 19. Rac1 g6 20. Bh6 Bg7 21. Qf4 Qe7
22. Rc3 f5 23. Ne6 Rf7 24. Rh3 Bxh6 25. Rxh6 Nc7 26. Ng5 Rg7 27. Rh3 Re8 28.
Bd1 Nf7 29. Nxf7 Rxf7 30. Rb3 Na8 31. Rbf3 Qe5 32. g4 Qxb2 33. Qg3 Qd4+ 34. Kh1
f4 35. Qh4 Nc7 36. Qg5 Na6 37. h4 Kg7 38. Kg2 Qe5 39. Rxf4 Rxf4 40. Qxf4 Qxf4
41. Rxf4 Re1 42. Rd4 Kf6 43. Kf2 Rh1 44. Bf3 Ra1 45. g5+ Kf7 46. Rf4+ Kg7 47.
Re4 Nc5 48. Re7+ Kg8 49. Re8+ Kf7 50. Rb8 Nd3+ 51. Ke3 Ne5 52. Be2 Rxa4 53.
Rxb6 Nxc4+ 54. Bxc4 Rxc4 55. Rb7+ Kg8 56. Rb8+ Kg7 57. Rb7+ Kg8 1/2-1/2

[Event "IX Floripa Chess Open Fort Atacadista"]
[Site "Florianópolis - Santa Catari"]
[Date "2023.01.27"]
[Round "7.33"]
[White "Saito, Vinicius"]
[Black "De Souza, Felipe Guimaraes"]
[Result "1/2-1/2"]
[WhiteElo "2138"]
[BlackElo "1943"]
[PlyCount "221"]
[EventDate "2023.01.23"]
[EventRounds "10"]
[EventCountry "BRA"]

1. e4 c5 2. Nf3 d6 3. c4 e5 4. d3 Nc6 5. Nc3 Nge7 6. g3 g6 7. Bg2 Bg7 8. O-O
O-O 9. Ne1 f5 10. exf5 gxf5 11. f4 Be6 12. Nd5 Rb8 13. Nc2 b5 14. Rb1 b4 15.
Nce3 Ng6 16. Kh1 Nd4 17. Bd2 Bd7 18. Qh5 Be8 19. Qd1 Ne6 20. fxe5 Nxe5 21. Nxf5
Rxf5 22. Rxf5 Bg6 23. Be4 Bxf5 24. Bxf5 Nd4 25. Be4 Qe8 26. Nf4 Kh8 27. Qh5
Qxh5 28. Nxh5 Rb6 29. h3 Ra6 30. a3 Nb3 31. Bg5 bxa3 32. bxa3 Rxa3 33. Nxg7
Kxg7 34. Rb2 a5 35. Rf2 Ra1+ 36. Kg2 a4 37. Bf6+ Kh6 38. g4 Nc1 39. Rf5 Kg6 40.
Rf1+ Kh6 41. Rf5 Ra2+ 42. Kh1 Kg6 43. Rf1+ Kh6 44. Rxc1 a3 45. Rb1 Rf2 46. g5+
Kh5 47. Kg1 a2 48. Ra1 Rb2 49. d4 cxd4 50. c5 d5 51. Bxe5 dxe4 52. Bxd4 Rc2 53.
Bf6 Kg6 54. c6 h6 55. h4 e3 56. Kf1 e2+ 57. Ke1 Rxc6 58. Rxa2 Rc4 59. Rxe2 Rxh4
60. Rg2 hxg5 61. Bxg5 Re4+ 62. Be3+ Kf5 63. Ke2 Rg4 64. Rh2 Ke4 65. Rh7 Rg2+
66. Bf2 Rg5 67. Ra7 Rb5 68. Ra4+ Kd5 69. Be1 Rc5 70. Kd3 Rb5 71. Rh4 Rb1 72.
Rh5+ Ke6 73. Bc3 Rg1 74. Bd2 Rd1 75. Ke3 Rf1 76. Ke4 Rf6 77. Bf4 Rg6 78. Rb5
Kd7 79. Kd5 Ra6 80. Rb7+ Ke8 81. Bd6 Kd8 82. Ke6 Ra8 83. Rf7 Kc8 84. Kd5 Ra6
85. Kc5 Kd8 86. Rh7 Ke8 87. Kd5 Kd8 88. Rb7 Kc8 89. Rc7+ Kd8 90. Ke6 Ra8 91.
Rb7 Kc8 92. Rb5 Kd8 93. Rb6 Kc8 94. Rb2 Kd8 95. Rc2 Ra6 96. Rg2 Kc8 97. Rg7 Ra8
98. Rh7 Ra6 99. Rh8+ Kb7 100. Kd7 Ra8 101. Rh4 Ra6 102. Rc4 Kb6 103. Rb4+ Ka5
104. Rb2 Ka4 105. Ke6 Rc6 106. Kd5 Rc1 107. Rb4+ Ka5 108. Bc5 Rd1+ 109. Kc6 Rh1
110. Rb3 Ra1 111. Rb8 1/2-1/2

[Event "IX Floripa Chess Open Fort Atacadista"]
[Site "Florianópolis - Santa Catari"]
[Date "2023.01.27"]
[Round "7.34"]
[White "Freitas, Ronan Cunha"]
[Black "Curi, Gabriel"]
[Result "0-1"]
[WhiteElo "1898"]
[BlackElo "2136"]
[PlyCount "66"]
[EventDate "2023.01.23"]
[EventRounds "10"]
[EventCountry "BRA"]

1. d4 d5 2. c4 c6 3. Nf3 e6 4. cxd5 exd5 5. Qc2 Bd6 6. Bg5 Ne7 7. e3 Bf5 8. Bd3
Bxd3 9. Qxd3 O-O 10. O-O Re8 11. Nc3 f6 12. Bh4 Na6 13. a3 Qd7 14. Bg3 Nf5 15.
Bxd6 Nxd6 16. b4 Nc7 17. Rac1 a5 18. Na4 Qe7 19. Nc5 axb4 20. axb4 b6 21. Nb3
Na6 22. Nbd2 Nxb4 23. Qb1 Ra4 24. e4 Nxe4 25. Nxe4 Qxe4 26. Qb3 Rea8 27. Rfe1
Qd3 28. Rc3 Qg6 29. Rce3 h6 30. Re7 Qd3 31. Re8+ Kh7 32. Qb2 Rxe8 33. Rxe8 Qc2
0-1

[Event "IX Floripa Chess Open Fort Atacadista"]
[Site "Florianópolis - Santa Catari"]
[Date "2023.01.27"]
[Round "7.35"]
[White "Flores, Clarice Soares Leit"]
[Black "Volkmann, Andre Jordi"]
[Result "0-1"]
[WhiteElo "1737"]
[BlackElo "2129"]
[PlyCount "80"]
[EventDate "2023.01.23"]
[EventRounds "10"]
[EventCountry "BRA"]

1. d4 f5 2. Nc3 Nf6 3. Bg5 d5 4. e3 e6 5. Bd3 h6 6. Bf4 Be7 7. Nb5 Na6 8. c4
O-O 9. a3 c6 10. Nc3 Nc7 11. Nf3 Ne4 12. h4 Bf6 13. Be5 c5 14. cxd5 exd5 15.
Bxc7 Nxc3 16. Bxd8 Nxd1 17. Bxf6 Nxb2 18. Bxg7 Nxd3+ 19. Ke2 Kxg7 20. Kxd3 c4+
21. Kc3 Be6 22. Rab1 Rab8 23. g3 b5 24. Rb4 a5 25. Rb2 Rb6 26. Rhb1 Rfb8 27.
Ne5 Kf6 28. f3 Ke7 29. g4 fxg4 30. fxg4 h5 31. Rg2 hxg4 32. Ra1 b4+ 33. axb4
axb4+ 34. Kb2 Kd6 35. Ra7 b3 36. Nf7+ Bxf7 37. Rxf7 c3+ 38. Kxc3 b2 39. Rgf2
Rc8+ 40. Kd2 Rc2+ 0-1

[Event "IX Floripa Chess Open Fort Atacadista"]
[Site "Florianópolis - Santa Catari"]
[Date "2023.01.27"]
[Round "7.36"]
[White "Cardoso, Leandro Ubialli"]
[Black "Calcado, Acyr Rogerio"]
[Result "0-1"]
[WhiteElo "1732"]
[BlackElo "2106"]
[PlyCount "88"]
[EventDate "2023.01.23"]
[EventRounds "10"]
[EventCountry "BRA"]

1. e4 c5 2. Nf3 e6 3. d4 cxd4 4. Nxd4 Nc6 5. Nc3 Qc7 6. Be3 a6 7. Qd2 Nf6 8. f3
b5 9. Nxc6 dxc6 10. O-O-O Be7 11. Qf2 O-O 12. g4 e5 13. h4 Be6 14. Kb1 Bb4 15.
Bc5 Bxc5 16. Qxc5 Nd7 17. Qd6 Qb6 18. h5 Rad8 19. Qe7 Rfe8 20. Qg5 f6 21. Qc1
Qa5 22. a3 b4 23. axb4 Qxb4 24. Na2 Qa5 25. c4 Rb8 26. Rh2 Rb7 27. g5 f5 28.
exf5 Bxf5+ 29. Bd3 Bxd3+ 30. Rxd3 Nc5 31. Qc3 Qa4 32. Qa3 Qxc4 33. Rc3 Qf4 34.
Rhc2 Ne6 35. Rxc6 Nd4 36. Rc8 Rb8 37. Rxe8+ Rxe8 38. Qa4 Rf8 39. Qc4+ Kh8 40.
Rg2 Qf5+ 41. Ka1 Qxf3 42. Qb4 Nb3+ 43. Kb1 Qd3+ 44. Rc2 Rf1+ 0-1

[Event "IX Floripa Chess Open Fort Atacadista"]
[Site "Florianópolis - Santa Catari"]
[Date "2023.01.27"]
[Round "7.37"]
[White "Mesquita, Guilherme"]
[Black "Rodriguez Vila, Andres"]
[Result "0-1"]
[WhiteElo "2007"]
[BlackElo "2435"]
[PlyCount "62"]
[EventDate "2023.01.23"]
[EventRounds "10"]
[EventCountry "BRA"]

1. e4 c5 2. Nf3 a6 3. d4 cxd4 4. Nxd4 Nf6 5. Nc3 e5 6. Nb3 Bb4 7. a3 Bxc3+ 8.
bxc3 O-O 9. Qd3 b6 10. Bg5 h6 11. Bh4 Bb7 12. f3 Qe7 13. Bf2 d5 14. exd5 Nxd5
15. c4 Nf4 16. Qe3 Nd7 17. g3 Qf6 18. O-O-O Rad8 19. Rg1 Ne6 20. Be2 Ng5 21.
Nd2 Nc5 22. Qc3 Na4 23. Qb3 Nh3 24. Be3 Nxg1 25. Rxg1 Bc6 26. Bd3 Nc5 27. Bxc5
bxc5 28. Rf1 Qd6 29. g4 Qd4 30. Qb2 Qe3 31. Qc3 e4 0-1

[Event "IX Floripa Chess Open Fort Atacadista"]
[Site "Florianópolis - Santa Catari"]
[Date "2023.01.27"]
[Round "7.38"]
[White "Filgueiras, Nathan Felipe"]
[Black "Segato, Pedro Henrique Pedr"]
[Result "1/2-1/2"]
[WhiteElo "2356"]
[BlackElo "1999"]
[PlyCount "70"]
[EventDate "2023.01.23"]
[EventRounds "10"]
[EventCountry "BRA"]

1. d4 d5 2. c4 e6 3. Nc3 Nf6 4. cxd5 exd5 5. Bg5 Nbd7 6. e3 c6 7. Bd3 Bd6 8.
Nf3 Qb6 9. Rb1 O-O 10. O-O Re8 11. Qc2 g6 12. b4 Kg7 13. b5 Qa5 14. Rfc1 h6 15.
Bh4 Ba3 16. Rd1 Bd6 17. Na4 cxb5 18. Rxb5 Qc7 19. Qb2 g5 20. Rc1 Qd8 21. Bg3
Bxg3 22. hxg3 b6 23. Rb3 Nf8 24. Ne5 Bd7 25. Nc3 Re7 26. Ba6 Be8 27. Ne2 Ng6
28. f3 Qd6 29. Nxg6 fxg6 30. Rbc3 g4 31. a3 g5 32. Qb4 Qe6 33. f4 Rd8 34. Bb5
Bxb5 35. Qxb5 Ne8 1/2-1/2

[Event "IX Floripa Chess Open Fort Atacadista"]
[Site "Florianópolis - Santa Catari"]
[Date "2023.01.27"]
[Round "7.39"]
[White "Ccerhuayo Escobedo, Mels Leopold"]
[Black "Gomes, Luiz Alexandre De S"]
[Result "1/2-1/2"]
[WhiteElo "1988"]
[BlackElo "2335"]
[PlyCount "78"]
[EventDate "2023.01.23"]
[EventRounds "10"]
[EventCountry "BRA"]

1. e4 d6 2. Nf3 g6 3. d4 Bg7 4. Bc4 Nf6 5. Nc3 O-O 6. O-O c6 7. e5 Ne8 8. Bg5
d5 9. Bd3 Nc7 10. b4 Bg4 11. h3 Bxf3 12. Qxf3 Ne6 13. Be3 Nd7 14. Ne2 Nb6 15.
h4 Nc4 16. h5 Nxe3 17. fxe3 Bh6 18. hxg6 hxg6 19. Bxg6 fxg6 20. Qh3 Kg7 21.
Qxe6 Bxe3+ 22. Kh2 Bg5 23. g3 a5 24. Nf4 Bxf4 25. gxf4 Rh8+ 26. Kg2 Rh5 27. Rf3
Qf8 28. f5 Rg5+ 29. Rg3 Rxg3+ 30. Kxg3 Qf7 31. bxa5 gxf5 32. Qd7 e6 33. Qd6 Rh8
34. Rg1 Rh5 35. Kf4+ Kh7 36. Qd8 Rh6 37. Rg2 Rg6 38. Rh2+ Rh6 39. Rg2 Rg6
1/2-1/2

[Event "IX Floripa Chess Open Fort Atacadista"]
[Site "Florianópolis - Santa Catari"]
[Date "2023.01.27"]
[Round "7.40"]
[White "Mariani, Daniel Brandao"]
[Black "Marra, Eduardo Da Costa"]
[Result "1/2-1/2"]
[WhiteElo "1987"]
[BlackElo "2275"]
[PlyCount "87"]
[EventDate "2023.01.23"]
[EventRounds "10"]
[EventCountry "BRA"]

1. d4 Nf6 2. c4 g6 3. Nc3 Bg7 4. e4 d6 5. f3 O-O 6. Be3 c5 7. Nge2 Nc6 8. dxc5
dxc5 9. Qxd8 Rxd8 10. Bxc5 Nd7 11. Be3 Nde5 12. Nf4 b6 13. Rc1 e6 14. Be2 Ba6
15. b3 Nb4 16. O-O Rd7 17. Rfd1 Rxd1+ 18. Rxd1 Nxc4 19. bxc4 Bxc3 20. c5 g5 21.
Nd3 Nxa2 22. cxb6 axb6 23. Bxb6 Bf6 24. Bf1 Rb8 25. Bf2 Nc3 26. Rc1 Bxd3 27.
Bxd3 Rd8 28. Bf1 Rd2 29. Be1 Ne2+ 30. Bxe2 Rxe2 31. Bc3 Kg7 32. Kf1 Ra2 33.
Bxf6+ Kxf6 34. Re1 Ke5 35. Re2 Rxe2 36. Kxe2 Kd4 37. Kd2 f5 38. exf5 exf5 39.
g3 h5 40. h3 h4 41. gxh4 gxh4 42. Ke2 f4 43. Kd2 Kc4 44. Kc2 1/2-1/2

[Event "IX Floripa Chess Open Fort Atacadista"]
[Site "Florianópolis - Santa Catari"]
[Date "2023.01.27"]
[Round "7.41"]
[White "Custodio, Leandro"]
[Black "Cominato Neto, Jose Luis"]
[Result "0-1"]
[WhiteElo "1964"]
[BlackElo "2260"]
[PlyCount "60"]
[EventDate "2023.01.23"]
[EventRounds "10"]
[EventCountry "BRA"]

1. Nf3 f5 2. d4 Nf6 3. Nc3 e6 4. Bg5 Bb4 5. Qd3 d5 6. Qb5+ Nc6 7. Ne5 Qd6 8.
Bxf6 gxf6 9. Nxc6 bxc6 10. Qd3 c5 11. a3 c4 12. Qh3 Ba5 13. Qh5+ Kd7 14. Qf7+
Qe7 15. Qxe7+ Kxe7 16. O-O-O Bd7 17. Na2 Ba4 18. Kb1 Rab8 19. Rc1 Rb7 20. c3
Rhb8 21. Nb4 Bxb4 22. cxb4 a5 23. h4 axb4 24. Rh3 bxa3 25. Rxa3 Rxb2+ 26. Ka1
Bc2 27. Rc3 Rb1+ 28. Rxb1 Rxb1+ 29. Ka2 Rxf1 30. Rxc2 Rxf2 0-1

[Event "IX Floripa Chess Open Fort Atacadista"]
[Site "Florianópolis - Santa Catari"]
[Date "2023.01.27"]
[Round "7.42"]
[White "Caetano, Ryan Wesley Da Cost"]
[Black "Oliveira, Danyel Angelo Aquin"]
[Result "1-0"]
[WhiteElo "2240"]
[BlackElo "1954"]
[PlyCount "73"]
[EventDate "2023.01.23"]
[EventRounds "10"]
[EventCountry "BRA"]

1. e4 c5 2. Nf3 d6 3. d4 cxd4 4. Nxd4 Nf6 5. Nc3 a6 6. Bg5 e6 7. f4 b5 8. e5
dxe5 9. fxe5 Qc7 10. exf6 Qe5+ 11. Be2 Qxg5 12. O-O Ra7 13. Qd3 Rd7 14. Ne4 Qe5
15. Nf3 Qc7 16. Qe3 Bb7 17. a4 b4 18. Kh1 Bxe4 19. fxg7 Bxg7 20. Qxe4 Qb7 21.
Qg4 Bxb2 22. Rad1 Re7 23. Nd2 Nd7 24. Nc4 Ne5 25. Nd6+ Kf8 26. Qf4 Ng6 27. Qh6+
Bg7 28. Qe3 Qc7 29. Bxa6 Be5 30. Qh6+ Bg7 31. Qd2 Bc3 32. Qf2 Be5 33. Ne4 Qc6
34. Bd3 Qxa4 35. Nc5 Qe8 36. Bb5 Qc8 37. Rd8+ 1-0

[Event "IX Floripa Chess Open Fort Atacadista"]
[Site "Florianópolis - Santa Catari"]
[Date "2023.01.27"]
[Round "7.43"]
[White "Pontes, Israel Fillip Da Si"]
[Black "De Souza, Regis Gabetta"]
[Result "1/2-1/2"]
[WhiteElo "1947"]
[BlackElo "2221"]
[PlyCount "154"]
[EventDate "2023.01.23"]
[EventRounds "10"]
[EventCountry "BRA"]

1. e4 e5 2. Nf3 Nc6 3. Bc4 Bc5 4. c3 d6 5. d3 Nf6 6. Bb3 a5 7. a4 h6 8. Nbd2
O-O 9. O-O Be6 10. Nc4 Re8 11. Ne3 Ba7 12. Bc2 d5 13. Qe2 Qd7 14. Nh4 Ne7 15.
Qf3 d4 16. Nef5 Nxf5 17. Nxf5 Bxf5 18. exf5 Qd5 19. Qg3 Kh8 20. Qh4 Qc6 21. Bb3
Kg8 22. Bc4 Qd6 23. Qg3 Kf8 24. Kh1 c6 25. Bd2 Bb8 26. Rae1 Bc7 27. Qh4 Kg8 28.
Qg3 Nh5 29. Qg6 Qxg6 30. fxg6 Kf8 31. Bxf7 Red8 32. g3 Nf6 33. c4 Rd7 34. f3
Ne8 35. c5 Re7 36. g4 Rb8 37. h4 b5 38. g5 h5 39. axb5 Rxb5 40. b4 axb4 41. Rb1
Ba5 42. Bc4 Rxc5 43. f4 e4 44. f5 e3 45. Be1 Ree5 46. f6 Rf5 47. Rxf5 Rxf5 48.
f7 Nd6 49. Be6 Rf1+ 50. Kg2 e2 51. Ra1 Bd8 52. Ra8 Ke7 53. Bb3 Rxe1 54. Kf2
Rf1+ 55. Kxe2 Rf4 56. Ra7+ Kf8 57. Ra8 Ke7 58. Ra7+ Kf8 59. Ra8 Nb7 60. Rb8
Rxh4 61. Rxb7 Rf4 62. Rb8 Ke7 63. Rb7+ Kd6 64. Rb8 Kc7 65. Ra8 h4 66. Ra7+ Kd6
67. Ra8 Be7 68. Rh8 c5 69. Bc4 Ke5 70. Re8 Kd6 71. Rh8 Kd7 72. Bb3 Bd6 73. Ba4+
Ke6 74. Bb3+ Ke7 75. Re8+ Kd7 76. Ba4+ Kc7 77. Ra8 Rf5 1/2-1/2